000 00393nam a22001697a 4500
003 CEME
005 20210628203124.0
008 210201b xxu||||| |||| 00| 0 eng d
040 _c.
082 _a006.37 SHA
100 _aShapiro, Linda
_963451
245 _aComputer vision
260 _aUSA
_bMCGRAW HILL
_c2000
300 _a609P
650 _aCOMPUTER VISION
_92862
942 _cBK
_2ddc
999 _c572269
_d572269